[Event "AUTO-OPEN-52"]
[Site "http://www.queenalice.com/game.php?id=5180"]
[Date "2005.2.12"]
[Round "1"]
[White "davihulse"]
[Black "pedro_eu"]
[Result "1-0"]
[WhiteElo "1525"]
[BlackElo "1211"]

1. d4 e6 2. e4 d5 3. e5 Qh4 4. Nf3 Bb4+ 5. c3 Qe4+ 6. Be2 Ba5 7. Qa4+ Nc6 8.
Nbd2 Qf5 9. Nh4 Qg5 10. Ndf3 Qe7 11. Bg5 f6 12. Bf4 fxe5 13. dxe5 h6 14. Ng6 Qd8
15. Nxh8 Bd7 16. Ng6 d4 17. b4 Nxb4 18. Qb3 d3 19. Bd1 Nc2+ 20. Bxc2 Bc6 21. Bd1
b5 22. Nd4 Bxg2 23. Qxb5+ c6 24. Nxc6 Qc7 25. Rg1 Bxc6 26. Qxd3 a6 27. Bh5 1-0

[Event "AUTO-OPEN-52"]
[Site "http://www.queenalice.com/game.php?id=5181"]
[Date "2005.2.12"]
[Round "1"]
[White "pedro_eu"]
[Black "davihulse"]
[Result "0-1"]
[WhiteElo "1208"]
[BlackElo "1528"]

1. e3 e5 2. d4 e4 3. f4 d5 4. c3 Nf6 5. g3 Bg4 6. Nf3 Bxf3 7. Be2 Bxh1 8. b4 Bf3
9. Bxf3 exf3 10. Qxf3 c6 11. h4 Ne4 12. h5 Nd7 13. g4 Qh4+ 14. Kd1 Nf2+ 15. Ke2
Nxg4 16. a4 Qxh5 17. e4 dxe4 18. Qxe4+ Be7 19. Nd2 Ngf6+ 20. Nf3 Nxe4 21. c4
Bxb4 22. Bb2 O-O 23. a5 a6 24. d5 c5 25. Rg1 g6 26. Rg2 Qh1 27. Rg1 Qh6 28. d6
Qxf4 0-1

[Event "AUTO-LOW-02"]
[Site "http://www.queenalice.com/game.php?id=5281"]
[Date "2005.2.14"]
[Round "1"]
[White "diego2907"]
[Black "pedro_eu"]
[Result "1-0"]
[WhiteElo "1542"]
[BlackElo "1199"]

1. e4 e6 2. Bc4 c5 3. a3 d5 4. Bb5+ Nc6 5. e5 a6 6. Bxc6+ Bd7 7. Bxd7+ Qxd7 8.
c3 d4 9. cxd4 cxd4 10. Qf3 f6 11. exf6 gxf6 12. d3 e5 13. Qh5+ Kd8 14. Nf3 b5
15. O-O Rc8 16. Nbd2 a5 17. Qh4 Be7 18. Ne4 1-0

[Event "AUTO-LOW-02"]
[Site "http://www.queenalice.com/game.php?id=5282"]
[Date "2005.2.14"]
[Round "1"]
[White "pedro_eu"]
[Black "diego2907"]
[Result "0-1"]
[WhiteElo "1197"]
[BlackElo "1544"]

1. g3 e5 2. e4 Bc5 3. c3 Nf6 4. b4 Bb6 5. d4 Nxe4 6. Qf3 d5 7. dxe5 Nxf2 8. Bb5+
c6 9. Be2 Nxh1 10. Qf4 h6 11. g4 Bxg1 12. g5 hxg5 13. Qf1 Bxh2 14. Qxh1 Bg3+ 15.
Kf1 Rxh1+ 16. Kg2 Rh3 17. Bh5 d4 18. cxd4 Qxd4 0-1

[Event "AUTO-LOW-02"]
[Site "http://www.queenalice.com/game.php?id=5289"]
[Date "2005.2.14"]
[Round "1"]
[White "MarcosRamos"]
[Black "pedro_eu"]
[Result "1-0"]
[WhiteElo "1807"]
[BlackElo "1205"]

1. g3 e6 2. c4 b5 3. Bg2 c6 4. cxb5 cxb5 5. Bxa8 d5 6. Nf3 e5 7. Nxe5 f6 8. Nf3
g5 9. d4 Nc6 10. Bxc6+ Bd7 11. Bxd7+ Qxd7 12. O-O 1-0

[Event "AUTO-LOW-02"]
[Site "http://www.queenalice.com/game.php?id=5290"]
[Date "2005.2.14"]
[Round "1"]
[White "pedro_eu"]
[Black "MarcosRamos"]
[Result "0-1"]
[WhiteElo "1203"]
[BlackElo "1809"]

1. e3 c6 2. c4 d5 3. d3 dxc4 4. dxc4 Qxd1+ 5. Kxd1 Bf5 6. a4 Nf6 7. b4 e5 8. f4
exf4 9. exf4 Bxb4 10. c5 O-O 11. h3 Rd8+ 12. Nd2 Ne4 0-1

[Event "AUTO-OPEN-53"]
[Site "http://www.queenalice.com/game.php?id=5301"]
[Date "2005.2.15"]
[Round "1"]
[White "pedro_eu"]
[Black "EL_PEREGRINO"]
[Result "0-1"]
[WhiteElo "1169"]
[BlackElo "1326"]

1. e4 g6 2. d4 e5 3. dxe5 d6 4. exd6 Qxd6 5. Nd2 Bh6 6. c3 Nd7 7. Nc4 Qxd1+ 8.
Kxd1 Nc5 9. b4 Nxe4 10. Be3 Nxc3+ 0-1

[Event "AUTO-OPEN-54"]
[Site "http://www.queenalice.com/game.php?id=5437"]
[Date "2005.2.16"]
[Round "1"]
[White "pedro_eu"]
[Black "Nias"]
[Result "0-1"]
[WhiteElo "1188"]
[BlackElo "1100"]

1. e3 a6 2. b4 b5 3. d3 e5 4. f4 Bxb4+ 5. c3 Ba5 6. fxe5 d6 7. exd6 cxd6 8. a4
Qg5 9. Nf3 Qf6 10. e4 Bxc3+ 11. Nxc3 b4 12. Nd5 Qxa1 13. Nc7+ Kd7 14. Nxa8 Qc3+
15. Bd2 Qf6 16. d4 Nc6 0-1

[Event "AUTO-OPEN-54"]
[Site "http://www.queenalice.com/game.php?id=5438"]
[Date "2005.2.16"]
[Round "1"]
[White "Nias"]
[Black "pedro_eu"]
[Result "1-0"]
[WhiteElo "1263"]
[BlackElo "1188"]

1. d4 d6 2. h3 e5 3. dxe5 dxe5 4. Qxd8+ Kxd8 5. a3 Nc6 6. e4 b5 7. Nf3 b4 8. a4
Bc5 9. Ng5 Nh6 10. Bc4 a5 11. Bxf7 Nd4 12. Bb3 Rf8 13. Be3 c6 14. Nd2 g6 15.
O-O-O Ba6 16. Bxd4 Bxd4 17. Ne6+ Kc8 18. Nc5 1-0

[Event "AUTO-OPEN-54"]
[Site "http://www.queenalice.com/game.php?id=5439"]
[Date "2005.2.16"]
[Round "1"]
[White "pedro_eu"]
[Black "Catamarca"]
[Result "0-1"]
[WhiteElo "1239"]
[BlackElo "1529"]

1. e3 e5 2. d4 e4 3. f4 c5 4. dxc5 Bxc5 5. b3 Qf6 6. c3 Ne7 7. b4 Bxb4 8. Bb2
Nf5 9. Qd2 Bc5 10. Qd5 Bxe3 11. c4 Qxb2 12. c5 Qxa1 13. Bb5 Qxb1+ 14. Ke2 Qc2+
15. Ke1 Bf2+ 16. Kf1 Ne3# 0-1

[Event "AUTO-LOW-03"]
[Site "http://www.queenalice.com/game.php?id=5512"]
[Date "2005.2.18"]
[Round "1"]
[White "pedro_eu"]
[Black "millie"]
[Result "0-1"]
[WhiteElo "1226"]
[BlackElo "1244"]

1. e4 e5 2. d3 Bb4+ 3. c3 Ba5 4. b4 Bb6 5. d4 Nf6 6. dxe5 Nxe4 7. c4 h6 8. c5
Nxc5 9. bxc5 Bxc5 10. Bc4 Bb4+ 11. Bd2 Bc5 12. Qf3 Nc6 13. Qd5 Qe7 14. e6 dxe6
15. Qd3 Ne5 16. Qe4 f6 17. Nc3 Ba3 18. Nb5 Bb2 19. Rb1 Ba3 20. Nxa3 c6 21. f4
Nxc4 22. Nxc4 Qc7 23. Na5 b6 0-1

[Event "AUTO-LOW-03"]
[Site "http://www.queenalice.com/game.php?id=5513"]
[Date "2005.2.18"]
[Round "1"]
[White "millie"]
[Black "pedro_eu"]
[Result "1-0"]
[WhiteElo "1227"]
[BlackElo "1243"]

1. d3 e5 2. e4 d6 3. c3 d5 4. Qa4+ c6 5. b4 dxe4 6. d4 b5 7. Qb3 c5 8. bxc5 exd4
9. Qxb5+ Nd7 10. c4 d3 11. Qc6 Rb8 12. Qxe4+ Be7 13. Bf4 Rb2 14. Bxd3 Nxc5 15.
Qc6+ Bd7 16. Qf3 Nxd3+ 17. Qxd3 a5 18. Qc3 Bf6 19. Qe3+ Ne7 20. Bd6 Be6 21. Qc5
Nc8 22. Qc6+ Bd7 23. Qe4+ Be6 24. Qc6+ Bd7 25. Qe4+ Ne7 26. h4 Bc6 27. Qf4 Bxg2
28. Rh2 Ng6 29. Qe3+ 1-0

[Event "AUTO-LOW-03"]
[Site "http://www.queenalice.com/game.php?id=5514"]
[Date "2005.2.18"]
[Round "1"]
[White "pedro_eu"]
[Black "Pestilence"]
[Result "0-1"]
[WhiteElo "1159"]
[BlackElo "1413"]

1. e3 e5 2. d4 e4 3. f3 d5 4. fxe4 dxe4 5. c4 c6 6. d5 cxd5 7. cxd5 Nd7 8. Nc3
Ngf6 9. d6 Qb6 10. h4 Qxd6 11. Bd2 b6 12. Nb5 Qg3+ 13. Ke2 Ba6 14. Bc3 Bxb5+ 15.
Kd2 Qf2+ 16. Be2 Rd8 17. b3 Nc5+ 18. Bd4 Qxg2 0-1

[Event "AUTO-LOW-03"]
[Site "http://www.queenalice.com/game.php?id=5515"]
[Date "2005.2.18"]
[Round "1"]
[White "Pestilence"]
[Black "pedro_eu"]
[Result "1-0"]
[WhiteElo "1419"]
[BlackElo "1153"]

1. d4 d6 2. e4 e5 3. dxe5 dxe5 4. Qxd8+ Kxd8 5. Nf3 f6 6. Bc4 c6 7. O-O b5 8.
Bd3 g6 9. Nbd2 c5 10. Bxb5 f5 11. Rd1 fxe4 12. Nxe5 a6 13. Nf7+ Ke7 14. Bc4 Bg4
15. f3 exf3 16. Re1+ Kd7 17. Nxh8 1-0